=LDR 00000nam 2200000 4500 =001 INLIS000000000037357 =005 20200228015723 =035 ##$$a 0010-061300000037357 =008 200228################g##########0#ind## =041 ##$$a Ind =082 ##$$a 158.1 =090 ##$$a 158.1, Tan m =100 ##$$a Tan, Sugianto =245 1#$$a Master 18 : $b Jurus fun master yang akan mengubah energi hidup anda /$c Sugianto Tan; Editor, Rayendra L. Toruan =260 ##$$a Jakarta :$b Gramedia,$c 2011 =300 ##$$a xxx, 390 hlm : $b Ilus ; $c 23 x 15 cm. =650 #4$$a Sukses - Aspek Psikolgi =850 ##$$a NBPNMAT =020 ##$$a 978-602-001-0816 =084 ##$$a 158.1 TAN m =250 ##$$a Cet. 1 =504 ##$$a Bibliografi Hlm. 389 - 390 =520 ##$$a Biografi ; hlm. 391 =700 #$$a Rayendra L. Toruan =990 ##$$a 21102782 =990 ##$$a 21102780 =990 ##$$a 21102781